000
00293nam a2200121Ia 4500
008
220120s9999||||xx |||||||||||||| ||und||
020
_a
9788129137326
082
_a
006.3 LAG
100
_a
Lagger, George, F
245
0
_a
Artificial intelligence
260
_b
New Delhi
300
_a
196p.
_b
176
999
_c
136337
_d
136337